| 000 | 00660nam a2200205Ia 4500 | ||
|---|---|---|---|
| 003 | GCL | ||
| 008 | 140319s9999 xx 000 0 ara d | ||
| 040 |
_aGCL / _cGCL |
||
| 082 | 0 | 4 |
_a910.02 _bج ج |
| 100 | 1 | _aجودة حسنين جودة | |
| 245 | 1 | 0 |
_aالجغرافيا المناخية والنباتية / _cجودة حسنين جودة |
| 260 |
_aالقاهرة : _bدار المعرفة الجامعية ، _c1989 |
||
| 300 |
_a574 ص ؛ _c24 سم |
||
| 490 | _a | ||
| 650 | 0 | 4 | _aالجغرافيا الطبيعية |
| 650 | 0 | 4 | _aالجغرافيا |
| 650 | 0 | 4 | _aالمناخ |
| 650 | 0 | 4 | _aالجغرافيا النباتية |
| 942 |
_2ddc _cBK |
||
| 999 |
_c54547 _d54547 |
||